Spell the Marvel Character #293 - Statistics

General Stats
  • This quiz has been taken 11 times
  • The average score is 7 of 9
Answer Stats
Picture Answer % Correct
Drax
100%
Nova
100%
Rocket Raccoon
100%
Ironheart
91%
Aurora
73%
Goliath
64%
Guardian
64%
Union Jack
55%
Anthem
36%
No matching quizzes found
Score Distribution
Percent of People with Each Score
Percentile by Number Answered
Your Score History
You have not taken this quiz